[Event "POL-chT3 Kujawsko Pomorskie 0809"]
[Site "Poland"]
[Date "2009.01.25"]
[Round "6.33"]
[White "Wisniewski, Adam"]
[Black "Windorpski, Jacek"]
[Result "1/2-1/2"]
[WhiteElo "2098"]
[BlackElo "1974"]
[PlyCount "20"]
[EventDate "2008.11.09"]
[EventType "team-tourn"]
[EventRounds "11"]
[EventCountry "POL"]
[SourceTitle "EXT 2019"]
[Source "ChessBase"]
[SourceDate "2018.10.10"]
[SourceVersion "1"]
[SourceVersionDate "2018.10.10"]
[SourceQuality "1"]

1. e4 c5 2. c3 Nf6 3. e5 Nd5 4. d4 cxd4 5. Nf3 Nc6 6. Bc4 Nb6 7. Bb3 d5 8. exd6 Qxd6 9. 0-0 Be6 10. Na3 Bxb3 1/2-1/2

[Event "POL-chT3 Kujawsko Pomorskie 0809"]
[Site "Poland"]
[Date "2008.11.30"]
[Round "2.34"]
[White "Windorpski, Jacek"]
[Black "Grochowalski, Pawel"]
[Result "1/2-1/2"]
[WhiteElo "1974"]
[BlackElo "2096"]
[PlyCount "25"]
[EventDate "2008.11.09"]
[EventType "team-tourn"]
[EventRounds "11"]
[EventCountry "POL"]
[SourceTitle "EXT 2019"]
[Source "ChessBase"]
[SourceDate "2018.10.10"]
[SourceVersion "1"]
[SourceVersionDate "2018.10.10"]
[SourceQuality "1"]

1. e4 c5 2. Nf3 d6 3. d4 cxd4 4. Nxd4 Nf6 5. Nc3 Nc6 6. Bg5 Bd7 7. Qd2 Rc8 8. 0-0-0 Nxd4 9. Qxd4 Qa5 10. Bd2 a6 11. Kb1 Qc5 12. Qxc5 Rxc5 13. Be3 1/2-1/2

[Event "POL-chT3 Kujawsko Pomorskie 0708"]
[Site "Poland"]
[Date "2008.04.06"]
[Round "11.9"]
[White "Letocha, Adam"]
[Black "Windorpski, Jacek"]
[Result "1/2-1/2"]
[WhiteElo "2052"]
[BlackElo "2011"]
[PlyCount "73"]
[EventDate "2007.11.04"]
[EventType "team-tourn"]
[EventRounds "11"]
[EventCountry "POL"]
[SourceTitle "EXT 2019"]
[Source "ChessBase"]
[SourceDate "2018.10.10"]
[SourceVersion "1"]
[SourceVersionDate "2018.10.10"]
[SourceQuality "1"]

1. e4 c5 2. Nf3 Nc6 3. d4 cxd4 4. Nxd4 Nf6 5. Nc3 d6 6. Be3 e6 7. Be2 Be7 8. Qd2 a6 9. f4 Qc7 10. Bf3 0-0 11. 0-0 Rb8 12. h3 Na5 13. Nce2 Bd7 14. b3 b5 15. c3 Rfc8 16. Rac1 Nb7 17. g4 Nc5 18. Ng3 d5 19. exd5 Nxd5 20. Bxd5 exd5 21. Ndf5 Bc6 22. Bd4 f6 23. Qe3 Ne4 24. Nxe4 dxe4 25. g5 Qd7 26. Nxe7+ Qxe7 27. Rc2 f5 28. h4 Be8 29. Qh3 Qf7 30. Rh2 Rc6 31. h5 Qe6 32. Qe3 Rd8 33. h6 g6 34. Rd2 Rcd6 35. Rfd1 Qd7 36. Re2 Bf7 37. Kf2 1/2-1/2

[Event "POL-chT3 Kujawsko Pomorskie 0708"]
[Site "Poland"]
[Date "2008.02.10"]
[Round "7.10"]
[White "Rynarzewski, Piotr"]
[Black "Windorpski, Jacek"]
[Result "1/2-1/2"]
[WhiteElo "1616"]
[BlackElo "2011"]
[PlyCount "64"]
[EventDate "2007.11.04"]
[EventType "team-tourn"]
[EventRounds "11"]
[EventCountry "POL"]
[SourceTitle "EXT 2019"]
[Source "ChessBase"]
[SourceDate "2018.10.10"]
[SourceVersion "1"]
[SourceVersionDate "2018.10.10"]
[SourceQuality "1"]

1. d4 Nf6 2. Bf4 g6 3. e3 Bg7 4. Nf3 d5 5. Bd3 0-0 6. 0-0 c5 7. c3 cxd4 8. cxd4 Nc6 9. Nc3 a6 10. a3 Bf5 11. h3 Bxd3 12. Qxd3 Rc8 13. b4 b5 14. Rac1 e6 15. Rc2 Qd7 16. Ne5 Nxe5 17. Bxe5 Rc4 18. Bxf6 Bxf6 19. Rfc1 Rfc8 20. Ne2 Bd8 21. Rxc4 bxc4 22. Qc2 a5 23. Rb1 axb4 24. axb4 Rb8 25. Nc3 Ra8 26. b5 Qa7 27. g3 Bb6 28. Rb2 Qa1+ 29. Rb1 Qa3 30. Rb2 Qa1+ 31. Rb1 Qa3 32. Rb2 Qa1+ 1/2-1/2

[Event "POL-chT3 0607"]
[Site "Poland"]
[Date "2007.03.04"]
[Round "9.17"]
[White "Windorpski, Jacek"]
[Black "Grabowski, Marek"]
[Result "1/2-1/2"]
[WhiteElo "1978"]
[BlackElo "2000"]
[PlyCount "65"]
[EventDate "2006.11.12"]
[EventType "team"]
[EventRounds "11"]
[EventCountry "POL"]
[SourceTitle "EXT 2009"]
[Source "ChessBase"]
[SourceDate "2008.11.26"]
[SourceVersion "1"]
[SourceVersionDate "2008.11.26"]
[SourceQuality "1"]

1. e4 e6 2. d3 d5 3. Nd2 f5 4. exf5 exf5 5. g3 Nf6 6. Bg2 c6 7. Ne2 Bd6 8. 0-0 0-0 9. Nf3 h6 10. Nf4 Re8 11. Re1 Rxe1+ 12. Qxe1 Qe7 13. Qxe7 Bxe7 14. Ng6 Bd6 15. Bf4 Bxf4 16. gxf4 Kh7 17. Nfe5 Nbd7 18. Ne7 Nxe5 19. fxe5 Ng8 20. Nxg8 Kxg8 21. f4 Be6 22. d4 Kf7 23. Kf2 Rg8 24. Bf3 g6 25. h4 h5 26. Ke3 Ke7 27. Kd3 Rc8 28. c3 b6 29. b3 Rc7 30. c4 Kd8 31. Rc1 Bf7 32. Rg1 Ke7 33. Rc1 1/2-1/2